000 00390nam a2200157Ia 4500
003 OSt
005 20231205073432.0
008 170523s9999 xx 000 0 und d
020 _a9789812436627
040 _cIIMT UNIVERSITY
100 _aKRISHNAMURTHY- SANDEEP
245 0 _aE- COMMERCE MANAGEMENT ;TEXT AND CASES
260 _bTHOMSON SOUTH WESTERN
260 _c2003
942 _2ddc
_c02
999 _c1200
_d1200